<?xml version="1.0" encoding="UTF-8"?>
<record
    xmlns:xsi="http://www.w3.org/2001/XMLSchema-instance"
    xsi:schemaLocation="http://www.loc.gov/MARC21/slim http://www.loc.gov/standards/marcxml/schema/MARC21slim.xsd"
    xmlns="http://www.loc.gov/MARC21/slim">

  <leader>01247nab a22002657a 4500</leader>
  <datafield tag="999" ind1=" " ind2=" ">
    <subfield code="c">5478</subfield>
    <subfield code="d">5478</subfield>
  </datafield>
  <controlfield tag="003">OSt</controlfield>
  <controlfield tag="005">20251123232451.0</controlfield>
  <controlfield tag="008">190603e        xxum|||| |||| 00| 0 spa d</controlfield>
  <datafield tag="040" ind1=" " ind2=" ">
    <subfield code="c">PJ</subfield>
  </datafield>
  <datafield tag="100" ind1=" " ind2=" ">
    <subfield code="9">6058</subfield>
    <subfield code="a">R&#xED;os, Juan Pablo</subfield>
  </datafield>
  <datafield tag="245" ind1="1" ind2="3">
    <subfield code="a">El consentimiento en la declaraci&#xF3;n judicial de la situaci&#xF3;n de adoptabilidad /</subfield>
    <subfield code="c">Juan Pablo R&#xED;os, Catriel Josu&#xE9; Nieve Bensabath.</subfield>
  </datafield>
  <datafield tag="260" ind1=" " ind2=" ">
    <subfield code="c">Ciudad Aut&#xF3;noma de Buenos Aires :</subfield>
    <subfield code="a">Thomson Reuters La Ley, </subfield>
    <subfield code="b">2025.</subfield>
  </datafield>
  <datafield tag="300" ind1=" " ind2=" ">
    <subfield code="a">p. 139-148</subfield>
  </datafield>
  <datafield tag="500" ind1=" " ind2=" ">
    <subfield code="a">Cita Online: TR LALEY AR/DOC/22/2025.
</subfield>
  </datafield>
  <datafield tag="505" ind1=" " ind2=" ">
    <subfield code="a">Sumario: I. Palabras preliminares.&#x2014; II. El caso.&#x2014; III. Los argumentos de la CS.&#x2014; IV. A modo de conclusi&#xF3;n.</subfield>
  </datafield>
  <datafield tag="505" ind1=" " ind2=" ">
    <subfield code="t">Fallo comentado:  CS ~ 13/08/2024 ~ P., M. B. s/ medidas precautorias.</subfield>
  </datafield>
  <datafield tag="505" ind1=" " ind2=" ">
    <subfield code="t">&#xBF;Te interesa el texto completo? Solicitalo al correo: koha@justierradelfuego.gov.ar
</subfield>
  </datafield>
  <datafield tag="650" ind1=" " ind2="0">
    <subfield code="9">974</subfield>
    <subfield code="a">ADOPCI&#xD3;N</subfield>
  </datafield>
  <datafield tag="650" ind1=" " ind2="0">
    <subfield code="9">5585</subfield>
    <subfield code="a">CONSENTIMIENTO</subfield>
  </datafield>
  <datafield tag="650" ind1=" " ind2="0">
    <subfield code="9">4097</subfield>
    <subfield code="a">INTERES SUPERIOR DEL NI&#xD1;O</subfield>
  </datafield>
  <datafield tag="650" ind1=" " ind2="0">
    <subfield code="9">1497</subfield>
    <subfield code="a">CODIGO CIVIL Y COMERCIAL</subfield>
  </datafield>
  <datafield tag="700" ind1=" " ind2=" ">
    <subfield code="9">6476</subfield>
    <subfield code="a">Nieve Bensabath, Catriel Josu&#xE9; </subfield>
    <subfield code="e">coautor</subfield>
  </datafield>
  <datafield tag="773" ind1="0" ind2=" ">
    <subfield code="0">2713</subfield>
    <subfield code="9">3170</subfield>
    <subfield code="d">Ciudad Aut&#xF3;noma de Buenos Aires : Thomson Reuters La Ley, 2015-</subfield>
    <subfield code="t">Revista C&#xF3;digo Civil y Comercial. N&#xBA; 2 - Abril 2025</subfield>
  </datafield>
  <datafield tag="942" ind1=" " ind2=" ">
    <subfield code="2">udc</subfield>
    <subfield code="c">ANA</subfield>
  </datafield>
</record>
